00573nam a22001577a 4500003000900000008004100009040007100050082001700121100002600138245013600164260003600300300002500336650002100361650001500382650001800397AR-CdUCM190306b ||||| |||| 00| 0 spa d aMUNICIPALIDAD PROVINCIAL DEL CUSCOcBIBLIOTECA MUNICIPAL DEL CUSCO a375.2 /bG66 aGonzáles, Rafael E. aLa Función Directiva en la Escuela Primaria :bDesarrollo del Temario para los Concursos de oposición a los cargos directivos / aBuenos Aires :bLa Obra,c1963. a318 paginas ;c23cm. aEscuela primaria aLiteratura aLatinoamerica